Fruits de A-Z - Statistiques

Statistiques générales
  • Ce quiz a été pris 811 fois
  • Le résultat moyen est 6 sur 26
Statistiques - réponses
Lettre Couleur (exterieure) Indice Fruit % Correct
A . Aussi un Métier Avocat
83%
G . Aussi une Arme Grenade
66%
O . Fruit Vert ou Noir utilisé pour faire de l'huile ou sur des Pizzas Olive
59%
K . Fruit Asiatique qui malgré son nom est Orange et non Vert Kaki
52%
D . Fruit Piquant d'Asie du Sud-Est réputé pour sa mauvaise odeur Durian
47%
N . Variété de Pêche, aussi un Prénom assez rare Nectarine
44%
F . Fruit Violet à l'intérieur Rouge emblème du bassin Méditerranéen Figue
41%
P . Type de Pamplemousse avec une Chaire Blanche voir Jaune très Claire Pomelo
38%
C . Fruit Tropical en forme d'Étoile Carambole
30%
Q . Variété de Prune à la Chaire Dorée cultivée en Alsace et en Franche-Comté Quetsche
21%
Y . Fruit Orangé très Acide pouvant être récolté Vert, pas encore Mur, ou Jaune, aussi un Émulateur pour Nintendo Switch Yuzu
18%
T . Fruit Orange très similaire à la Mandarine Tangerine
14%
R . Variété de Litchi très reconnaissable à son Rouge Vif et à son Apparence Poilue Ramboutan
13%
J . Fruit Brun Foncé pouvant être consommé cru ou séché, aussi appellé Datte Chinoise Jujube
12%
B . Agrume consommé en Hiver Bergamote
9%
M . Fruit pourpre précoupé en quartier comme l'Ail originaire de Malaisie Mangoustan
8%
L . Fruit Brun Tropical semblable au Litchi, aussi appellé Oeil de Dragon Longane
4%
I . Fruit rose aussi appelé Prune de Coton originaire des Régions Tropicales Icaque
2%
Z . Fruit Réputé de la Réunion poussant sur un Attier ou Pommier Cannelle Zatte
2%
S . Fruit Violet Foncé allongé originaire d'Afrique Centrale, aussi appellé Prune d'Afrique ou Atanga Safou
1%
U . Agrume Jamaïcain aussi appellé Tangelo Ugli
1%
V . Petit Fruit Vert Clair originaire de Madagascar à la Chaire Brune Foncé Vavangue
1%
W . Petit Agrume Jaune semblable au Citron, aussi un Rappeur Wampi
1%
X . Fruit Africain très Riche en Huile, semblable à une Prune Dorée Ximenia
1%
E . Fruit composé, interdit en France car il détruit le Blé Épine-Vinette
0%
H . Communément appelé Fruit du Dragon Hylocereus undatus
0%
Aucun quiz correspondant
Distribution des résultats
% des personnes avec chaque résultat
Percentile par nombre de réponses
Votre historique - résultats
Vous n’avez pas pris ce quiz